What is this - part Canada - Statistics

General Stats
  • This quiz has been taken 19 times
  • The average score is 12 of 16
Answer Stats
Picture Answer % Correct
Flag
94%
Justin Trudeau
94%
Beaver
89%
Maple syrup
89%
Moose
89%
Lacrosse
83%
Northern lights
83%
Potato
83%
Céline Dion
78%
Hockey
78%
Poutine
78%
Blue Jay
67%
Drake
61%
Mussels
56%
Smarties
56%
Canadian Goose
39%
No matching quizzes found
Score Distribution
Percent of People with Each Score
Percentile by Number Answered
Your Score History
You have not taken this quiz